| 000 | 01624nam a22002417a 4500 | ||
|---|---|---|---|
| 003 | Uzh_bibl | ||
| 008 | 260525b |||||||| |||| 00| 0 ukr d | ||
| 020 |
_a978-1-4052-5595-0 _c100.00 |
||
| 040 | _bукр. | ||
| 041 |
_2eng _aeng |
||
| 080 | _a821(410) | ||
| 090 |
_a821(410) _bМ 83 |
||
| 100 | _a Morpurgo, Michael | ||
| 245 |
_aThe Wreck of the Zanzibar _hText |
||
| 260 |
_aLondon _b Egmont _c2010 |
||
| 300 | _a102 s. | ||
| 520 | _aA gripping children’s story from War Horse author and former Children's Laureate Michael Morpurgo. “We all knew what was going to happen. We’d seen it before. A ship about to founder staggers before she falls. A huge wave broke over her stern and she did not come upright again.” Life on the Scilly Isles in 1907 is bleak and full of hardship. Laura’s twin brother, Billy, disappears, and then a storm devastates everything. It seems there’s little hope. But then the Zanzibar is wrecked on the island’s rocks, and everything changes . . . The Wreck of the Zanzibar is a gripping historical adventure from the author of An Eagle in the Snow, Listen to the Moon, Shadow, and An Elephant in the Garden. Michael Morpurgo has written more than one hundred books for children and won the Whitbread Award, the Smarties Award, the Circle of Gold Award, the Children’s Book Award and has been short-listed for the Carnegie Medal four times. | ||
| 521 | _aДля підлітків | ||
| 525 | _aДля старшого шкільного віку | ||
| 546 | _aукр. | ||
| 650 | _aЛітературно-художне видання | ||
| 942 |
_2udc _cBK |
||
| 999 |
_c17953 _d17953 |
||